Vista normal
Vista MARC
Entrada Topical Term
Número de registros utilizados en: 7
001 - CONTROL NUMBER
- control field: 5110
003 - CONTROL NUMBER IDENTIFIER
- control field: OSt
005 - DATE AND TIME OF LATEST TRANSACTION
- control field: 20230915225810.0
008 - FIXED-LENGTH DATA ELEMENTS
- fixed length control field: 230915|| aca||aabn | a|a d
040 ## - CATALOGING SOURCE
- Original cataloging agency: OSt
- Transcribing agency: OSt
150 ## - HEADING--TOPICAL TERM
- Topical term or geographic name entry element: DERECHO TRIBUTARIO - PRESUNCIONES
670 ## - SOURCE DATA FOUND
- Source citation: Work cat.: (OSt)18344: Eseverri Martínez, Ernesto 5109, Presunciones legales y derecho tributario / , 1995